| 000 | 00725 a2200241 4500 | ||
|---|---|---|---|
| 001 | 15904 | ||
| 999 |
_c15904 _d2632 |
||
| 003 | TR-AnTOB | ||
| 005 | 20190408212752.0 | ||
| 008 | 041102s1999 tu tur | ||
| 020 | _a9751600243 | ||
| 041 | _atur | ||
| 050 |
_aLA946 _b.K64 1999 |
||
| 090 | _aLA946 .K64 1999 | ||
| 100 |
_aKodaman, Bayram _96410 |
||
| 245 | 0 |
_aAbdülhamit devri eğitim sistemi / _cBayram Kodaman. |
|
| 250 | _a3. bs. | ||
| 264 | 1 |
_aAnkara : _bAtatürk Kültür, Dil ve Tarih Yüksek Kurumu Türk Tarih Kurumu, _c1999 |
|
| 300 |
_a181 p. : _bill ; _c24 cm. |
||
| 490 | 0 |
_aAtatürk Kültür, Dil ve Tarih Yüksek Kurumu Türk Tarih Kurumu Yayınları; vii. _aDizi-Sayı; 94 |
|
| 500 | _aIncludes index. | ||
| 902 | _a0005728 | ||
| 942 | _cBK | ||